000 00570nam a2200181Ia 4500
005 20250508161936.0
008 008 250505s9999 xx 000 0 eng d
037 _aTextual
040 _aFEDL
_beng
_cFEDL
041 _aeng
_2eng
084 _a378.954, CAL
_qFEDL
245 0 _aHundred years of the university of Calcutta: A history of the university issued in commemoration of the centenary celebrations
245 0 _cUniversity of Calcutta
260 _c1957
300 _axxi,539p.
942 _cTEXL
_h378.954, CAL
999 _c1373392
_d1373392